000 00299nam a2200121Ia 4500
008 190216s9999||||xx |||||||||||||| ||und||
100 _aLakshmi Narayan Gupta
245 0 _aHindi - Sree Madhra Gavadra Geeth
260 _bReliance Pub: House
_c1998
300 _a304
650 _aHindi
942 _cBK
999 _c16123
_d16123